000 00502nam a2200193 a 4500
001 1771566772080
003 YourLibrary
005 20260220113016.0
008 260220s2003##################000#0#eng##
020 _a9780262194860
082 0 4 _a336.2
_bSAL
100 1 _aSalaniƩ, Bernard,
_eauthor.
245 1 0 _aThe Economics of Taxation :
260 _bMIT Press,
_c2003.
300 _a248 pages
650 0 _aBusiness & Economics.
942 _cENGLISH
040 _aYourLibrary
_beng
_cYourLibrary
999 _c613662
_d613662